书目信息 |
| 题名: |
全国计算机等级考试(新大纲)二级教程
|
|
| 作者: | 左喜林 , 李艳萍 主编 ;全国计算机等级考试专家组 编写 | |
| 分册: | Visual Basic语言程序设计 | |
| 出版信息: | 北京 海洋出版社 2006.06 |
|
| 页数: | 250页 | |
| 开本: | 26cm | |
| 丛书名: | ||
| 单 册: | ||
| 中图分类: | TP3 | |
| 科图分类: | ||
| 主题词: | 电子计算机--dian zi ji suan ji--水平考试--教材 | |
| 电子资源: | ||
| ISBN: | 7-5027-6357-0 | |
| 000 | 01315nam0 2200289 450 | |
| 001 | 012007887997 | |
| 005 | 20070924152800.10 | |
| 010 | @a7-5027-6357-0@dCNY28.00 (含光盘) | |
| 100 | @a20070811d2006 km y0chiy0120 ea | |
| 101 | 0 | @achi |
| 102 | @aCN@b110000 | |
| 105 | @aa z 000yy | |
| 200 | 1 | @a全国计算机等级考试(新大纲)二级教程@Aquan guo ji suan ji deng ji kao shi(xin da gang)er ji jiao cheng@iVisual Basic语言程序设计@f全国计算机等级考试专家组编写@Fquan guo ji suan ji deng ji kao shi zhuan jia zu bian xie |
| 210 | @a北京@c海洋出版社@d2006.06 | |
| 215 | @a250页@c图@d26cm@e光盘1片 | |
| 300 | @a根据全国最新计算机等级考试大纲编写 2006全国优秀畅销计算机等级考试用书 | |
| 307 | @a光盘 ISBN : 7-8994-508-9 | |
| 314 | @a责任者取自书中。 | |
| 330 | @a本书按照计算机等级考试大纲要求编写的Visual Basic考试教程,囊括了最新考试大纲所要求的考试范围,系统地归纳、分类和整理了Visual Basic程序设计考生要求掌握的所有知识点。 | |
| 517 | 1 | @aVisual Basic语言程序设计@AVisual Basic yu yan cheng xu she ji |
| 606 | 0 | @a电子计算机@Adian zi ji suan ji@x水平考试@j教材 |
| 690 | @aTP3@v4 | |
| 701 | 0 | @a左喜林@Azuo xi lin@4主编 |
| 701 | 0 | @a李艳萍@Ali yan ping@4主编 |
| 712 | 02 | @a全国计算机等级考试专家组@Aquan guo ji suan ji deng ji kao shi zhuan jia zu@4编写 |
| 801 | 0 | @aCN@c20070924 |
| 905 | @dTP3@eZ992 | |
| 全国计算机等级考试(新大纲)二级教程.Visual Basic语言程序设计/全国计算机等级考试专家组编写.-北京:海洋出版社,2006.06 |
| 250页:图;26cm+光盘1片 |
| 根据全国最新计算机等级考试大纲编写 2006全国优秀畅销计算机等级考试用书 |
| ISBN 7-5027-6357-0:CNY28.00 (含光盘) |
| 本书按照计算机等级考试大纲要求编写的Visual Basic考试教程,囊括了最新考试大纲所要求的考试范围,系统地归纳、分类和整理了Visual Basic程序设计考生要求掌握的所有知识点。 |
| ● |
| 相关链接 |
|
|
|
正题名:全国计算机等级考试(新大纲)二级教程
索取号:TP3/Z992
 
预约/预借
| 序号 | 登录号 | 条形码 | 馆藏地/架位号 | 状态 | 备注 |
| 1 | 258107 | 202581072 | 期刊室512/301自科库 101排1列3层/ [索取号:TP3/Z992] | 在馆 | |
| 2 | 258108 | 202581081 | 期刊室512/301自科库 101排1列2层/ [索取号:TP3/Z992] | 在馆 | |
| 3 | 258109 | 202581090 | 期刊室512/301自科库 101排1列2层/ [索取号:TP3/Z992] | 在馆 |